000 00649nam a2200229Ia 4500
003 OSt
005 20220928110045.0
006 a|||||r|||| 00| 0
007 ta
008 220927b |||||||| |||| 00| 0 eng d
024 _a38088
037 _cReference Collections
040 _aSDCL
_cSDCL
_beng
041 _2eng
_aeng
082 _aX:9915.2g, L8 RR
100 _aPaul S
_9417939
245 0 _aDirectory of Mass employment.
260 _aNew Delhi
_bEconomic and Scientific Research Foundation
_c1978
300 _a424p
_ccm.
942 _hX:9915.2g, L8 RR
_cREF
_2CC
999 _c733937
_d733937